Administración: un enfoque basado en competencias
Na minha lista:
| Principais autores: | , , |
|---|---|
| Formato: | Livro |
| Idioma: | espanhol |
| Publicado em: |
Ciudad de México
Cengage Learning Editores
2017
|
| Edição: | 12a. ed |
| Assuntos: | |
| Tags: |
Adicionar Tag
Sem tags, seja o primeiro a adicionar uma tag!
|
MARC
| LEADER | 00000cam a2200000 a 4500 | ||
|---|---|---|---|
| 001 | UCC4190 | ||
| 003 | CL-VaPUC | ||
| 008 | 180720e20170000mx |||||||||||||||||spa|d | ||
| 020 | |a 9786075263014 | ||
| 082 | 0 | 4 | |a 658.4 |b HEL |2 21 |
| 100 | |a Hellriegel, Don |e author |9 598325 | ||
| 700 | 0 | |a Jackson, Susan E |e author |9 598326 | |
| 700 | 0 | |a Slocum, John W |e author |9 598327 | |
| 245 | 1 | 0 | |a Administración: un enfoque basado en competencias |
| 250 | |a 12a. ed | ||
| 300 | |a 627 p | ||
| 942 | |c BK | ||
| 945 | |d 20180720 14:27:00 |a dcastane | ||
| 260 | |a Ciudad de México |b Cengage Learning Editores |c 2017 | ||
| 650 | 0 | |a Administración de empresas |9 260833 | |
| 650 | 0 | |a Gestión empresarial |9 349595 | |
| 650 | 7 | |a COMPETENCIAS ADMINISTRATIVAS |2 CL-VaPUC |9 529976 | |
| 650 | 7 | |a EQUIPOS DE TRABAJO |2 CL-VaPUC |9 384715 | |
| 583 | |a last modification |c 20180720 14:27:00 |k Rodrigo Vera | ||
| 999 | |c 371747 |d 371745 | ||
| 952 | |0 0 |1 0 |3 erb |4 0 |6 658_400000000000000_HEL_2017 |7 0 |8 A |9 488897 |a BIBGIM |b BIBGIM |i 5481457 |o 658.4 HEL 2017 |p 5481457 |r 2025-01-15 |w 2019-11-24 |y BK |z Catalogado en:20180720 |k COM | ||
| 952 | |0 0 |1 0 |3 erb |4 0 |6 658_400000000000000_HEL_2017 |7 0 |8 A |9 488898 |a BIBGIM |b BIBGIM |i 5481449 |l 1 |o 658.4 HEL 2017 |p 5481449 |r 2025-01-15 |s 2023-07-10 |w 2019-11-24 |y BK |z Catalogado en:20180720 |k COM | ||